| 000 | 00722nam a2200229Ia 4500 | ||
|---|---|---|---|
| 001 | 16670 | ||
| 003 | GE_BSU | ||
| 008 | 181216s||||||||xx |||||||||||||| ||und|| | ||
| 040 | _cGE_BSU | ||
| 080 | _a821.161.1-32 | ||
| 100 | _aტურგენევი, ი.ს. | ||
| 245 | _aგაზაფხულის ნიაღვრები | ||
| 245 | _bმოთხრობა | ||
| 245 | _cთარგმ. ი. მჭედლიშვილისა | ||
| 260 | _aთბილისი | ||
| 260 | _bსახელგამი | ||
| 260 | _c1955 | ||
| 300 | _a176გვ. ; 21სმ. | ||
| 653 | _aგაზაფხულის ნიაღვრები | ||
| 653 | _aმოთხრობა | ||
| 942 | _cBK | ||
| 999 |
_c49735 _d49735 |
||